Nomi di cittadinanza particolari - Statistics

Statistiche generali
  • Questo quiz è stato fatto 107 volte
  • Il punteggio medio è 28 su 49
Statistiche sulle risposte
Nome del cittadino Nome della città % Corretto
Nizzardo Nice / Nizza
98%
Londinese Londra
95%
Kievano Kiev
94%
Madrileno Madrid
94%
Moscovita Mosca
94%
Raguseo Dubrovnik / Ragusa
93%
Odessita Odessa
93%
Fiorentino Firenze
91%
Forlivese Forlì
91%
Costantinopolitano Istanbul
86%
Corfiota Corfù
84%
Partenopeo Napoli
84%
Paulista Sao Paulo
83%
Zaratino Zadar / Zara
83%
Lagunare Venezia
78%
Meneghino Milano
75%
Gerosolimitano Gerusalemme
73%
Etneo Catania
72%
Capitolino Roma
70%
Monacese Monaco di Baviera
68%
Carachegno Caracas
65%
Estense Ferrara
65%
Carioca Rio de Janeiro
65%
Scaligero Verona
63%
Sabaudo Torino
57%
Girgentino Agrigento
52%
Teatino Chieti
52%
Salodiano Salò
52%
Nisseno Caltanissetta
48%
Tridentino Trento
47%
Tergestino Trieste
46%
Orobico Bergamo
44%
Felsineo Bologna
42%
Eporediese Ivrea
42%
Puteolano Pozzuoli
42%
Eugubino Gubbio
41%
Ancirano Ankara
40%
Patavino Padova
40%
Ducale Parma
38%
Ortigiano Siracusa
27%
Edochiano Tokyo
27%
Pitagorico Crotone
25%
Ibleo Ragusa
25%
Tudertino Todi
22%
Tiburtino Tivoli
21%
Mamertino Messina
14%
Prenestino Palestrina
14%
Geminiano Modena
11%
Cidneo Brescia
7%
Nessun quiz corrispondente trovato
Distribuzione punteggi
Percentuale di utenti per punteggio
Percentile per numero di risposta
I tuoi punteggi nel tempo
Non hai fatto questo quiz